| 000 | 00878nam a22002417a 4500 | ||
|---|---|---|---|
| 005 | 20140218154847.0 | ||
| 010 | _aENG-106369 | ||
| 020 |
_a9789380607467 _c795.00 |
||
| 035 | _aEN-89902 | ||
| 035 | _aB-495401 | ||
| 037 | _bDBAD/PUB | ||
| 037 |
_bBBB/Ven _adpl |
||
| 082 | 0 | 0 |
_a746.1409543 _219 |
| 100 | 1 | _aRamaswamy, Vijaya | |
| 245 | 1 | 4 |
_aThe song of the loom : _bweaver folk traditions in South India / _cby Vijaya Ramaswamy |
| 260 |
_aDelhi _bPrimus Books _c2013 |
||
| 270 |
_aVirat Bhavan, Mukherjee Nagar Commercial Complex _bDelhi _e110009 |
||
| 300 |
_axx,131p. : _bill. (some col.) _c25cm(Hb) |
||
| 500 | _aIncludes bibliographical references and index | ||
| 650 | 0 |
_aNavajo textile fabrics _xExhibitions. |
|
| 942 |
_2ddc _cEN _h746.1409543 _mRAM |
||
| 999 |
_c72161 _d72161 |
||